000 00347nam a22001457a 4500
008 210305b ||||| |||| 00| 0 eng d
020 _a9780736089180
041 _aeng
080 _2fifth edition
_a615.83
082 _2615.83
100 _a8
101 _aEGZ
245 _aAdapted Physical Education and
_cJoseph P.Winnick
942 _2udc
_cBK
999 _c55809
_d55809